| 000 | 00705nam a22002057a 4500 | ||
|---|---|---|---|
| 003 | NUST-PNEC | ||
| 005 | 20170116180709.0 | ||
| 008 | 141002b xxu||||| |||| 00| 0 eng d | ||
| 020 | _a0074602381 | ||
| 040 | _cPNEC | ||
| 082 | _a620.102 MAT | ||
| 100 |
_9494 _aMaitra, Gltin M. |
||
| 245 |
_aHandbook of mechanical design _cGitin M Maitra |
||
| 250 | _a2nd ed. | ||
| 260 |
_aNew Delhi : _bTata McGraw-Hill Publishing Company Limited _c©1995. |
||
| 300 |
_a1 v. (various pagings) : _bill. ; _c25 cm. |
||
| 500 | _aIncludes Index http://www.amazon.com/Hbk-Mechanical-Design-Maitra/dp/0074602381/ref=sr_1_1?s=books&ie=UTF8&qid=1412231134&sr=1-1&keywords=0074602381 | ||
| 650 | _xME | ||
| 942 |
_2ddc _cBK |
||
| 999 |
_c60892 _d60892 |
||